Online
Catalog

Memoria del programa de modernización de la Jurisdicción de Tierra (1997 -2007). / (Record no. 53393)

MARC details
000 -CABECERA
campo de control de longitud fija 01399nam a2200289 i 4500
003 - IDENTIFICADOR DEL NÚMERO DE CONTROL
campo de control DO-SdBNP
005 - FECHA Y HORA DE LA ÚLTIMA TRANSACCIÓN
campo de control 20230503093448.0
006 - CÓDIGOS DE INFORMACIÓN DE LONGITUD FIJA--CARACTERÍSTICAS DEL MATERIAL ADICIONAL
campo de control de longitud fija a||||fr|||| 00| 0
007 - CAMPO FIJO DE DESCRIPCIÓN FÍSICA--INFORMACIÓN GENERAL
campo de control de longitud fija ta
008 - DATOS DE LONGITUD FIJA--INFORMACIÓN GENERAL
campo de control de longitud fija 230502e2008 dr ao||fry||| 001 0 spa d
040 ## - FUENTE DE LA CATALOGACIÓN
Centro catalogador/agencia de origen DO-SdBNP
Lengua de catalogación spa
Centro/agencia transcriptor BNPHU
Normas de descripción rda
082 #4 - NÚMERO DE LA CLASIFICACIÓN DECIMAL DEWEY
Número de edición 22
Número de documento/Ítem M533p
245 00 - MENCIÓN DE TÍTULO
Título Memoria del programa de modernización de la Jurisdicción de Tierra (1997 -2007). /
Mención de responsabilidad, etc. Concepto y edición, Melvin Peña; diseño gráfico, Elías Roedán; fotografía, Silverio Vidal
264 30 - PRODUCCIÓN, PUBLICACIÓN, DISTRIBUCIÓN, FABRICACIÓN Y COPYRIGHT
Producción, publicación, distribución, fabricación y copyright Santo Domingo :
Nombre del de productor, editor, distribuidor, fabricante Suprema Corte de Justicia,
Fecha de producción, publicación, distribución, fabricación o copyright 2008
300 ## - DESCRIPCIÓN FÍSICA
Extensión 99 páginas :
Otras características físicas ilustraciones, fotografías ;
Dimensiones 30 cm
336 ## - TIPO DE CONTENIDO
Fuente rdaconten
Término de tipo de contenido texto
Código de tipo de contenido txt
337 ## - TIPO DE MEDIO
Fuente rdamedia
Nombre/término del tipo de medio sin medición
Código del tipo de medio n
338 ## - TIPO DE SOPORTE
Fuente rdacarrier
Nombre/término del tipo de soporte volumen
Código del tipo de soporte nc
500 ## - NOTA GENERAL
Nota general Incluye glosario de siglas
505 ## - NOTA DE CONTENIDO CON FORMATO
Nota de contenido con formato Mensaje del presidente de la SCJ.
Título Resumen ejecutivo.--
-- Breve historia del PMJT
-- Nuevo Marco Legal e Institucional.--
-- Nueva Plataforma Tecnológica.--
-- Nueva planta física.--
-- Capacitaciones de los recursos humanos.--
-- Un programa imposible que resultó posible.--
-- Directorio de Consultores y Operadores.
590 ## - NOTA LOCAL (RLIN)
Nota local Inventariado 2023 / MF
700 1# - PUNTO DE ACCESO ADICIONAL--NOMBRE DE PERSONA
9 (RLIN) 10821
Nombre de persona Peña, Melvin
Término indicativo de función/relación concepto y edición
700 1# - PUNTO DE ACCESO ADICIONAL--NOMBRE DE PERSONA
9 (RLIN) 16475
Nombre de persona Roedán, Elías
Término indicativo de función/relación diseño gráfico
700 1# - PUNTO DE ACCESO ADICIONAL--NOMBRE DE PERSONA
9 (RLIN) 69593
Nombre de persona Vidal, Silverio
Término indicativo de función/relación fotografía
710 2# - PUNTO DE ACCESO ADICIONAL--NOMBRE DE ENTIDAD CORPORATIVA
9 (RLIN) 55493
Nombre de entidad corporativa o nombre de jurisdicción como elemento de entrada Suprema Corte de Justicia. (República Dominicana)
942 ## - ELEMENTOS DE PUNTO DE ACCESO ADICIONAL (KOHA)
Fuente del sistema de clasificación o colocación Dewey Decimal Classification
Tipo de ítem Koha Libro
Holdings
Estado de retiro Estado de pérdida Fuente del sistema de clasificación o colocación Restricciones de uso No para préstamo Código de colección Localización permanente Ubicación/localización actual Ubicación en estantería Fecha de adquisición Fuente de adquisición Total de préstamos Signatura topográfica completa Código de barras Fecha visto por última vez Precio válido a partir de Tipo de ítem Koha
    Dewey Decimal Classification Excluido de préstamo   Patrimonio Dominicano Biblioteca Nacional Pedro Henríquez Ureña Biblioteca Nacional Pedro Henríquez Ureña En catalogación 25.01.2019 Donado por el Dominico Americano   M533p 2023-1554 02.05.2023 02.05.2023 Libro

Powered by Koha